000 00479nam a2200181Ia 4500
005 20250923144522.0
008 008 250917s9999 xx 000 0 eng d
037 _aTextual
040 _aDSWL
_beng
_cDSWL
041 _aeng
_2eng
084 _qDSWL
100 _aBennett, E. Margaret
_9825688
245 0 _aGuidance in groups
_cby E. Margaret Bennett
260 _aLondon
_bTronto
_c1955
300 _a411p.
942 _cTEXL
999 _c1439937
_d1439937